000 00432nam a2200157Ia 4500
003 GCL
008 140319s9999 xx 000 0 ara d
040 _aGCL /
_cGCL
082 0 4 _aط
_b813.087
_bذ ع
100 1 _aزكى مدلل
245 1 0 _aالعصافير وشجرة التوت /
_cزكى مدلل
490 _aالنسور الصغار
_v0
650 0 4 _aالاطفال
650 0 4 _aقصص الاطفال
942 _2ddc
_cBK
999 _c46492
_d46492